Dynastie i Rody Królewskie - Statystyki

Ogólne statystyki
  • Ten quiz został rozwiązany 427 razy
  • Średni wynik to 8 z 21
Statystyki odpowiedzi
Pochodzenie Przedstawiciel Dynastia % Poprawnych
Polska Kazimierz III Wielki Piastowie
83%
Austria Maria Teresa Habsburgowie
81%
Polska Zygmunt I Stary Jagiellonowie
80%
Szwecja Zygmunt III Wazowie
77%
Rosja Piotr I Wielki Romanowowie
69%
Anglia Henryk VIII Tudorowie
67%
Niemcy Wilhelm II Hohenzollernowie
58%
Siedmiogród Stefan Batorowie
57%
Turcja Sulejman Wspaniały Osmanowie
51%
Rosja Iwan IV Groźny Rurykowicze
46%
Chiny Zhu Qizhen Ming
45%
Francja Karol IV Piękny Walezjusze
33%
Mandżuria Puyi Qing
22%
Mongolia Timur Chromy Timurydzi
19%
Iran Mohammad Reza Pahlawi
14%
Niemcy Karol VII Albrecht Wittelsbachowie
10%
Arabia Al-Mansur Abbasydzi
8%
Arabia Abu Sufjan Ibn Harb Umajjadzi
7%
Mongolia Kubilaj-chan Yuan
6%
Hiszpania Enrique IV Dom Trastámara
5%
Korea Taejo Yi Seong-gye Joseon
3%
Nie znaleziono quizów pasujących do podanych kryteriów
Rozkład punktacji
Procent ludzi z każdym wynikiem
Percentyl według liczby udzielonych odpowiedzi
Twoja historia wyników
Nie rozwiązałeś tego quizu